Clonal variation in drought tolerance traits of Hevea brasiliensis: Early screening of pipeline clones using physiological parameters (Record no. 55740)

MARC details
000 -LEADER
fixed length control field 00549nam a2200181Ia 4500
100 ## - MAIN ENTRY--AUTHOR NAME
Personal name Nair N.N
245 #0 - TITLE STATEMENT
Title Clonal variation in drought tolerance traits of Hevea brasiliensis: Early screening of pipeline clones using physiological parameters
260 ## - PUBLICATION, DISTRIBUTION, ETC. (IMPRINT)
Name of publisher Rubber Science
Year of publication 2021
300 ## - PHYSICAL DESCRIPTION
Number of Pages 47-62
650 ## - SUBJECT ADDED ENTRY--TOPICAL TERM
Topical Term Abiotic stress tolerance
650 ## - SUBJECT ADDED ENTRY--TOPICAL TERM
Topical Term Drought
650 ## - SUBJECT ADDED ENTRY--TOPICAL TERM
Topical Term Physiological evaluation
700 ## - ADDED ENTRY--PERSONAL NAME
Personal name Ajitha S.V
700 ## - ADDED ENTRY--PERSONAL NAME
Personal name Mydin K.K
700 ## - ADDED ENTRY--PERSONAL NAME
Personal name Sathik M.B.M
942 ## - ADDED ENTRY ELEMENTS (KOHA)
Koha item type Journals
Holdings
Withdrawn status Lost status Damaged status Not for loan Home library Current library Shelving location Date acquired Serial Enumeration / chronology Koha item type
      Journals RRII Library RRII Library Botany 01/01/2021 Volume 34, Issue 1 Journals